Central Library OPAC University of Rajshahi

Readings in political philosophy / (Record no. 79594)

MARC details
000 -LEADER
fixed length control field 00709nam a2200241 a 4500
001 - CONTROL NUMBER
control field 79594
003 - CONTROL NUMBER IDENTIFIER
rucl marc code BD-RjUL
005 - DATE AND TIME OF LATEST TRANSACTION
control field 20220322111854.0
008 - FIXED-LENGTH DATA ELEMENTS--GENERAL INFORMATION
fixed length control field 220322s1938 nyu 000 0 eng d
035 ## - SYSTEM CONTROL NUMBER
System control number (BD-RjUL)79594
040 ## - CATALOGING SOURCE
Original cataloging agency HAI
Language of cataloging eng
Transcribing agency BD-RjUL
041 0# - LANGUAGE CODE
Language code of text/sound track or separate title eng
082 ## - DEWEY DECIMAL CLASSIFICATION NUMBER
Edition number 23
Classification number 320.1
Author mark and year COR 1938
100 1# - MAIN ENTRY--PERSONAL NAME
Personal name Coker, Francis W.
Fuller form of name (Francis William),
Dates associated with a name 1878-1963
9 (RLIN) 1961
245 10 - TITLE STATEMENT
Title Readings in political philosophy /
Statement of responsibility, etc. by Francis William Coker
246 33 - VARYING FORM OF TITLE
Title proper/short title Political philosophy
250 ## - EDITION STATEMENT
Edition statement Rev. and enl. ed.
260 ## - PUBLICATION, DISTRIBUTION, ETC. (IMPRINT)
Place of publication, distribution, etc. New York ;
-- London,
Name of publisher, distributor, etc. Macmillan Co.,
Date of publication, distribution, etc. 1938
300 ## - PHYSICAL DESCRIPTION
Pagination xvi, 717 p. ;
Size 22 cm.
650 #4 - SUBJECT ADDED ENTRY--TOPICAL TERM
Topical term or geographic name as entry element Political science
9 (RLIN) 1962
Topical term or geographic name as entry element State, The
9 (RLIN) 1963
942 ## - ADDED ENTRY ELEMENTS (KOHA)
Source of classification or shelving scheme Dewey Decimal Classification
Koha item type Books
Holdings
Lost status Source of classification or shelving scheme Damaged status Not for loan Collection code Permanent Location Current Location Shelving location Date acquired Source of acquisition Cost, normal purchase price Total Checkouts Full call number Date last seen Copy number Koha item type
  Dewey Decimal Classification   Not For Loan Non-fiction Central Library, University of Rajshahi Central Library, University of Rajshahi Reading Room 07/06/1964 Zeitlinger 55.00   320.1 COR 1938 22/03/2022 C-1 Books